| 000 | 00617nam a22002297a 4500 | ||
|---|---|---|---|
| 003 | IIN | ||
| 005 | 20250326124206.0 | ||
| 008 | 250326b |||adc|| |||| 000 0 eng d | ||
| 020 | _a9789356968622 | ||
| 040 | _aIIN | ||
| 082 |
_a612 _bASH |
||
| 100 | _aAshalatha, PR | ||
| 245 |
_aPractice Workbook in Applied Anatomy & Physiology _cPR Ashalatha and G Deepa |
||
| 246 | _aTextbook of Applied Anatomy & Physiology for Nurses (7th ed.) | ||
| 250 | _a4th ed. | ||
| 260 |
_aNew Delhi _bJaypee _c2024 |
||
| 300 |
_a170 p. _bill. |
||
| 650 | _aAnatomy | ||
| 650 | _aPhysiology | ||
| 700 | _aDeepa, G | ||
| 942 | _cBOOK | ||
| 999 |
_c1705 _d1705 |
||